Bezpečné programovanie a metódy analýzy zraniteľností

Guardado en:
Detalles Bibliográficos
Autor principal: Mikolášek, Mário (Autor)
Otros Autores: Balogh, Štefan (Orientador)
Formato: Manuscrito Libro
Lenguaje:eslovaco
Publicado: Bratislava : STU v Bratislave FEI, 2024
Materias:
Acceso en línea:https://opac.crzp.sk/?fn=detailBiblioFormChildWMLE6&sid=AA0D9432EF6DE826C9171F4F11D3&seo=CRZP-detail-kniha
Etiquetas: Agregar Etiqueta
Sin Etiquetas, Sea el primero en etiquetar este registro!

MARC

LEADER 00000ntm a22000003a 4500
001 stuzp96364
003 SK-STU
005 20250513125257.8
007 ta
008 150427s2015----xo-----f-mn---000-0-slo-d
040 |a STU  |b slo 
041 0 |a slo 
044 |a xo 
100 1 |a Mikolášek, Mário  |u 035000  |4 aut  |U FEI Fakulta elektrotechniky a informatiky  |T FEI Ústav informatiky a matematiky  |X 104536  |U E050  |Y 816  |7 104536 
242 0 1 |a Secure programming and vulnerability analysis methods  |y eng 
245 1 0 |a Bezpečné programovanie a metódy analýzy zraniteľností 
260 |a Bratislava :  |b STU v Bratislave FEI,  |c 2024 
300 |a 77 s. 
650 4 |a Programovací jazyk C  |2 slo 
650 4 |a Zraniteľnosť  |2 slo 
650 4 |a Bezpečné programovanie  |2 slo 
650 4 |a Secure programming  |2 eng 
650 4 |a Programming language C  |2 eng 
650 4 |a Vulnerability  |2 eng 
700 1 |a Balogh, Štefan  |u 035000  |k Z1  |4 ths  |U FEI Fakulta elektrotechniky a informatiky  |T FEI Ústav informatiky a matematiky  |X 30190  |U E050  |Y 816  |7 A000030190 
856 4 |u https://opac.crzp.sk/?fn=detailBiblioFormChildWMLE6&sid=AA0D9432EF6DE826C9171F4F11D3&seo=CRZP-detail-kniha